Guidance and curriculum (Record no. 7312)
[ view plain ]
| 000 -LEADER | |
|---|---|
| fixed length control field | 00374nam a2200145Ia 4500 |
| 005 - DATE AND TIME OF LATEST TRANSACTION | |
| control field | 20240814115916.0 |
| 008 - FIXED-LENGTH DATA ELEMENTS--GENERAL INFORMATION | |
| fixed length control field | 240813s9999||||xx |||||||||||||| ||und|| |
| 082 ## - DEWEY DECIMAL CLASSIFICATION NUMBER | |
| Classification number | 371.4 KEL |
| 100 ## - MAIN ENTRY--PERSONAL NAME | |
| Personal name | Kelley, Janet A. |
| 245 #0 - TITLE STATEMENT | |
| Title | Guidance and curriculum |
| 260 ## - PUBLICATION, DISTRIBUTION, ETC. | |
| Place of publication, distribution, etc. | Englewood Cliffs |
| Name of publisher, distributor, etc. | Prentice-Hall Inc. |
| Date of publication, distribution, etc. | 1955 |
| 300 ## - PHYSICAL DESCRIPTION | |
| Extent | 532p |
| 650 ## - SUBJECT ADDED ENTRY--TOPICAL TERM | |
| Topical term or geographic name entry element | Guidance and counselling |
| 942 ## - ADDED ENTRY ELEMENTS (KOHA) | |
| Koha item type | Book |
| Withdrawn status | Lost status | Damaged status | Not for loan | Home library | Current library | Date acquired | Total checkouts | Barcode | Date last seen | Price effective from | Koha item type |
|---|---|---|---|---|---|---|---|---|---|---|---|
| Library and Documentation Division NCERT | Library and Documentation Division NCERT | 08/14/2024 | 7673 | 08/14/2024 | 08/14/2024 | Book |





